000 01194nam a22002537a 4500
999 _c18357
_d18357
003 AR-CdUCM
008 190513b ||||| |||| 00| 0 spa d
040 _aMUNICIPALIDAD PROVINCIAL DEL CUSCO
_cBIBLIOTECA MUNICIPAL DEL CUSCO
041 _heng
082 _a615 /
_bP59
100 _aPiper, Douglas W.
_938883
245 _aIntroducción a la farmacología y la terapéutica /
260 _aMéxico D. F. :
_bLibros McGraw - Hill de México,
_c1976.
300 _a234 páginas ;
_bilustraciones, tablas,
_c23.5 cm.
505 _aContenido: Forma de acción del fármaco y principios generales de farmacología -- Hipnóticos, sedantes, analgésico tranquilizantes -- Fármacos que actúan sobre el sistema nervioso -- Fármacos que actúan sobre el sistema cardiovascular -- Fármacos que actúan sobre el sistema respiratorio -- Fármacos que actúan sobre el tracto gastrointestinal ...
650 _aFármacos
_938884
650 _aTerapéutica
_919478
650 _aMedicina
_93637
700 _aCorpas de Guhl, Mercedes (traducción)
_938885
710 _aCentro Regional de Ayuda Técnica.
_910048
710 _aA.I.D.
_938799
942 _2ddc
_cLIBROS
945 _aachl
_d2019-05-13